Taylor Swift mystery lyrics #58 - Statistics

General Stats
  • This quiz has been taken 68 times
  • The average score is 192 of 253
Answer Stats
Answer % Correct
a
100%
I
100%
me
100%
in
98%
In
98%
the
98%
You
98%
you
98%
and
96%
we
96%
We
96%
it
94%
to
94%
your
94%
my
92%
but
90%
But
90%
for
90%
on
90%
Too
90%
were
90%
of
88%
So
88%
so
88%
was
88%
all
86%
All
86%
Don't
86%
love
86%
they
86%
us
86%
what
86%
go
84%
It's
84%
as
82%
'cause
82%
could
82%
oh
82%
Oh
82%
at
80%
with
80%
had
78%
have
78%
like
78%
one
78%
eye
76%
got
76%
night
76%
Didn't
74%
didn't
74%
last
74%
out
74%
should
74%
eyes
72%
into
72%
never
72%
our
72%
things
72%
down
70%
knew
70%
tell
70%
their
70%
there
70%
took
70%
around
68%
forever
68%
life
68%
open
68%
lost
66%
turn
66%
back
64%
better
64%
found
64%
mind
64%
new
64%
seem
64%
think
64%
Wonderland
64%
arms
62%
fell
62%
felt
62%
flash
62%
green
62%
held
62%
rush
62%
slept
62%
went
62%
wrong
62%
hole
60%
rabbit
60%
tight
60%
worse
60%
excitin'
58%
gone
58%
or
58%
pretended
58%
'til
58%
becomes
56%
curious
56%
Haven't
56%
mad
56%
minds
56%
nothing's
56%
seems
56%
somethin'
56%
twistin'
56%
both
54%
fun
54%
games
54%
loses
54%
smile
54%
straight
54%
cat
52%
end
52%
feel
52%
home
52%
Ooh
52%
somebody
52%
talkin'
52%
turned
52%
Cheshire
50%
control
50%
eh
50%
heard
50%
screams
50%
searched
50%
spinning
50%
way
50%
alone
48%
lights
48%
world
48%
Flashin'
46%
reach
46%
seemed
46%
whispers
46%
calm
44%
else
44%
strangers
44%
fears
42%
watchin'
42%
make
40%
No matching quizzes found
Score Distribution
Percent of People with Each Score
Percentile by Number Answered
Your Score History
You have not taken this quiz